<?xml version="1.0" encoding="UTF-8"?>
<record
    xmlns:xsi="http://www.w3.org/2001/XMLSchema-instance"
    xsi:schemaLocation="http://www.loc.gov/MARC21/slim http://www.loc.gov/standards/marcxml/schema/MARC21slim.xsd"
    xmlns="http://www.loc.gov/MARC21/slim">

  <leader>00625nam a22001937a 4500</leader>
  <datafield tag="952" ind1=" " ind2=" ">
    <subfield code="0">0</subfield>
    <subfield code="1">0</subfield>
    <subfield code="2">ddc</subfield>
    <subfield code="4">0</subfield>
    <subfield code="7">0</subfield>
    <subfield code="8">NFIC</subfield>
    <subfield code="a">ASL</subfield>
    <subfield code="b">ASL</subfield>
    <subfield code="c">GEN</subfield>
    <subfield code="d">2021-10-05</subfield>
    <subfield code="e">ASB Library Collection</subfield>
    <subfield code="h">U-0097</subfield>
    <subfield code="l">0</subfield>
    <subfield code="o">297.54 FAT</subfield>
    <subfield code="p">112215</subfield>
    <subfield code="r">2021-10-05 00:00:00</subfield>
    <subfield code="t">C-1</subfield>
    <subfield code="w">2021-10-05</subfield>
    <subfield code="y">BK</subfield>
  </datafield>
  <datafield tag="999" ind1=" " ind2=" ">
    <subfield code="c">26216</subfield>
    <subfield code="d">26216</subfield>
  </datafield>
  <controlfield tag="003">BDDh-ASL</controlfield>
  <controlfield tag="005">20231015030621.0</controlfield>
  <controlfield tag="008">211005s1938    i  ||||| |||| 00| 0 u   d</controlfield>
  <datafield tag="040" ind1=" " ind2=" ">
    <subfield code="a">BDDh-ASL</subfield>
    <subfield code="c">BDDh-ASL</subfield>
  </datafield>
  <datafield tag="082" ind1=" " ind2=" ">
    <subfield code="a">297.54</subfield>
    <subfield code="b">FAT </subfield>
  </datafield>
  <datafield tag="100" ind1="1" ind2=" ">
    <subfield code="9">4704</subfield>
    <subfield code="a">Farahi, Mawalana Hamiduddin </subfield>
  </datafield>
  <datafield tag="245" ind1="1" ind2="0">
    <subfield code="a">Tafsir Sura-I Wal Asr : / &#x62A;&#x641;&#x633;&#x6CC;&#x631; &#x633;&#x648;&#x631;&#x6C1; &#x648;&#x627;&#x644;&#x639;&#x635;&#x631;  +  &#x62A;&#x641;&#x633;&#x64A;&#x631; &#x633;&#x648;&#x631;&#x6C2; &#x6A9;&#x627;&#x641;&#x631;&#x648;&#x646; </subfield>
  </datafield>
  <datafield tag="246" ind1=" " ind2=" ">
    <subfield code="a">Tafsir Sura-I Wal Asr </subfield>
  </datafield>
  <datafield tag="260" ind1=" " ind2=" ">
    <subfield code="a">Sarai Meer :</subfield>
    <subfield code="b">Islah Press , </subfield>
    <subfield code="c">1354 H/ 1938. </subfield>
  </datafield>
  <datafield tag="300" ind1=" " ind2=" ">
    <subfield code="a">114 p. : </subfield>
    <subfield code="c">18 cm. </subfield>
  </datafield>
  <datafield tag="505" ind1=" " ind2=" ">
    <subfield code="a">Two Distinct Books Bound Together </subfield>
  </datafield>
  <datafield tag="650" ind1=" " ind2="0">
    <subfield code="9">4705</subfield>
    <subfield code="a">Tafsir</subfield>
  </datafield>
  <datafield tag="942" ind1=" " ind2=" ">
    <subfield code="2">ddc</subfield>
    <subfield code="c">BK</subfield>
  </datafield>
</record>
